<?xml version="1.0" encoding="UTF-8"?>
<record
    xmlns:xsi="http://www.w3.org/2001/XMLSchema-instance"
    xsi:schemaLocation="http://www.loc.gov/MARC21/slim http://www.loc.gov/standards/marcxml/schema/MARC21slim.xsd"
    xmlns="http://www.loc.gov/MARC21/slim">

  <leader>00836nam0a22002531  4500</leader>
  <controlfield tag="001">rc\506014</controlfield>
  <controlfield tag="005">20250621112018.0</controlfield>
  <datafield tag="010" ind1=" " ind2=" ">
    <subfield code="a">5-235-00078-1</subfield>
    <subfield code="9">100000</subfield>
  </datafield>
  <datafield tag="035" ind1=" " ind2=" ">
    <subfield code="a">(NLR Aleph) 005746688</subfield>
  </datafield>
  <datafield tag="090" ind1=" " ind2=" ">
    <subfield code="a">4796251</subfield>
    <subfield code="c">4796251</subfield>
  </datafield>
  <datafield tag="100" ind1=" " ind2=" ">
    <subfield code="a">20030616d1988    |||y0rusy50      ca</subfield>
  </datafield>
  <datafield tag="101" ind1="0" ind2=" ">
    <subfield code="a">rus</subfield>
  </datafield>
  <datafield tag="102" ind1=" " ind2=" ">
    <subfield code="a">RU</subfield>
  </datafield>
  <datafield tag="105" ind1=" " ind2=" ">
    <subfield code="a">a   |||||||||</subfield>
  </datafield>
  <datafield tag="200" ind1="1" ind2=" ">
    <subfield code="a">&#x41F;&#x443;&#x441;&#x442;&#x44C; &#x43D;&#x435; &#x43F;&#x430;&#x434;&#x430;&#x44E;&#x442; &#x437;&#x432;&#x435;&#x437;&#x434;&#x44B;</subfield>
    <subfield code="e">&#x414;&#x43E;&#x43A;&#x443;&#x43C;. &#x43F;&#x43E;&#x432;&#x435;&#x441;&#x442;&#x44C; [&#x43E; &#x41F;. &#x412;&#x43E;&#x440;&#x43E;&#x43D;&#x435;]</subfield>
    <subfield code="f">&#x418;&#x432;&#x430;&#x43D; &#x41A;&#x438;&#x440;&#x438;&#x439;</subfield>
    <subfield code="g">[&#x41F;&#x435;&#x440;. &#x441; &#x443;&#x43A;&#x440;. &#x417;.&#x41F;. &#x411;&#x43E;&#x43B;&#x44C;&#x448;&#x430;&#x43A;</subfield>
    <subfield code="g">&#x425;&#x443;&#x434;&#x43E;&#x436;. &#x41B;. &#x425;&#x430;&#x439;&#x43B;&#x43E;&#x432;]</subfield>
  </datafield>
  <datafield tag="210" ind1=" " ind2=" ">
    <subfield code="a">&#x41C;.</subfield>
    <subfield code="c">&#x41C;&#x43E;&#x43B;. &#x433;&#x432;&#x430;&#x440;&#x434;&#x438;&#x44F;</subfield>
    <subfield code="d">1988</subfield>
  </datafield>
  <datafield tag="215" ind1=" " ind2=" ">
    <subfield code="a">93, [2] &#x441;.</subfield>
    <subfield code="c">&#x438;&#x43B;.</subfield>
    <subfield code="d">17</subfield>
  </datafield>
  <datafield tag="225" ind1="1" ind2=" ">
    <subfield code="a">&#x42E;&#x43D;&#x44B;&#x435; &#x433;&#x435;&#x440;&#x43E;&#x438;</subfield>
  </datafield>
  <datafield tag="700" ind1=" " ind2="1">
    <subfield code="a">&#x41A;&#x438;&#x440;&#x438;&#x439;</subfield>
    <subfield code="b">&#x418;.&#x418;.</subfield>
    <subfield code="g">&#x418;&#x432;&#x430;&#x43D; &#x418;&#x432;&#x430;&#x43D;&#x43E;&#x432;&#x438;&#x447;</subfield>
  </datafield>
  <datafield tag="801" ind1=" " ind2="0">
    <subfield code="a">RU</subfield>
    <subfield code="b">NLR</subfield>
    <subfield code="g">psbo</subfield>
  </datafield>
  <datafield tag="801" ind1=" " ind2="1">
    <subfield code="a">RU</subfield>
    <subfield code="b">ELAR</subfield>
    <subfield code="2">rusmarc</subfield>
  </datafield>
  <datafield tag="852" ind1=" " ind2=" ">
    <subfield code="a">NLR</subfield>
    <subfield code="j">88-2/2614</subfield>
  </datafield>
  <datafield tag="942" ind1=" " ind2=" ">
    <subfield code="c">BOOK</subfield>
  </datafield>
  <datafield tag="980" ind1=" " ind2=" ">
    <subfield code="a">NB</subfield>
  </datafield>
  <datafield tag="995" ind1=" " ind2=" ">
    <subfield code="5">2013-10-26</subfield>
    <subfield code="b">NLR01</subfield>
    <subfield code="c">NLR01</subfield>
    <subfield code="e">RF9</subfield>
    <subfield code="f">5746688-10</subfield>
    <subfield code="k">88-2/2614</subfield>
    <subfield code="o">0</subfield>
    <subfield code="r">BOOK</subfield>
    <subfield code="s">8822614_</subfield>
  </datafield>
</record>
